|
|
|
|
| LEADER |
00000nab a2200000 r4500 |
| 001 |
vtls011746228 |
| 003 |
SK-MaSNL |
| 005 |
20260303082030.0 |
| 008 |
180315c2018 xo wr|p|||||||000 b|slo |
| 015 |
|
|
|a SNBRB2018/03
|
| 038 |
|
|
|a PPPK
|
| 040 |
|
|
|a PPPKCL
|b slo
|e rda
|
| 041 |
0 |
|
|a slo
|
| 043 |
|
|
|a e-xo---
|
| 044 |
|
|
|a xo
|c SK
|
| 072 |
|
7 |
|a 796
|x Šport. Hry. Telesné cvičenia
|2 konspekt
|
| 080 |
|
|
|a 796.323.2.093.42
|2 2011
|
| 245 |
0 |
0 |
|a Veteránsky titul ostal doma
|
| 336 |
|
|
|a text
|b txt
|2 rdacontent
|
| 337 |
|
|
|a bez média
|b n
|2 rdamedia
|
| 338 |
|
|
|a zväzok
|b nc
|2 rdacarrier
|
| 500 |
|
|
|a Autor článku nie je uvedený.
|
| 611 |
2 |
7 |
|a Memoriál Dušana Kaňuka
|d (2018 :
|c Svit, Slovensko)
|2 pppkcl
|9 1086257
|
| 648 |
|
7 |
|a 6.1.2018
|2 pppkcl
|9 1086258
|
| 650 |
0 |
7 |
|a šport
|2 pppkcl
|9 1042
|
| 650 |
0 |
7 |
|a basketbal
|2 pppkcl
|9 3290
|
| 650 |
0 |
7 |
|a športové zápasy
|2 pppkcl
|9 57253
|
| 651 |
|
7 |
|a Svit (Slovensko)
|2 pppkcl
|9 29648
|
| 651 |
|
7 |
|a Poprad (Slovensko : okres)
|2 pppkcl
|9 28675
|
| 773 |
0 |
|
|t Podtatranské noviny
|g Roč. LIX, č. 1-2 (2018), s. 5
|x 1210-2423
|
| 852 |
|
|
|a PPPK
|b KIS3GCP
|
| 999 |
|
|
|c 1786613
|d 1788543
|